Normal view MARC view
  • Caliphate.

Entry Topical Term

Number of records used in: 2

001 - CONTROL NUMBER

  • control field: 29815

003 - CONTROL NUMBER IDENTIFIER

  • control field: NUST

005 - DATE AND TIME OF LATEST TRANSACTION

  • control field: 20200903141341.0

008 - FIXED-LENGTH DATA ELEMENTS

  • fixed length control field: 200903|| aca||aabn | a|a d

040 ## - CATALOGING SOURCE

  • Original cataloging agency: NUST
  • Transcribing agency: NUST

150 ## - HEADING--TOPICAL TERM

  • Topical term or geographic name entry element: Caliphate.

670 ## - SOURCE DATA FOUND

  • Source citation: Work cat.: (NUST)0: Maudoodi, Syed Abul ʻAla, 1903-1979, author. 29814, Islam's political order :
© 2023 Central Library, National University of Sciences and Technology. All Rights Reserved.